000 00675nam a2200253Ia 4500
003 OSt
005 20220924131749.0
006 a|||||r|||| 00| 0
007 ta
008 220923b |||||||| |||| 00| 0 san d
024 _a38287
037 _cTextual
040 _aARTS
_cARTS
_bsan
041 _2san
_asan
082 _aO15,1:g, 152K3;M7
100 _aUpadhyaya B
_962894
245 0 _aSanskrit Sukhuvi Sameeksha
250 _a3rd
260 _aVaransi
_bChowkhamba Vidyabhawan India
_c1963
300 _a386p.
_ccm.
650 _aSANSKRIT LITERATURE
942 _hO15,1:g, 152K3;M7
_cTEXL
_2CC
999 _c428116
_d428116